000 00275nam a2200121Ia 4500
008 190216s9999||||xx |||||||||||||| ||und||
100 _aEfy Pub
245 0 _aElectronics Projects Volume3
260 _bEfy Pub New Delhi
300 _a144p
650 _aPhysics
942 _cBK
999 _c32999
_d32999